Indian Political Thought/ (Record no. 180068)

MARC details
000 -LEADER
fixed length control field 00734nam a22002417a 4500
005 - DATE AND TIME OF LATEST TRANSACTION
control field 20260127120306.0
010 ## - LCCN (DPL NO)
LC control number ENG-129629 ENG-144589 ENG-147670
020 ## - INTERNATIONAL STANDARD BOOK NUMBER
International Standard Book Number 978-93-88658-27-0
Terms of availability 250.00
020 ## - INTERNATIONAL STANDARD BOOK NUMBER
Terms of availability 275.00
020 ## - INTERNATIONAL STANDARD BOOK NUMBER
Terms of availability 300.00
035 ## - SYSTEM CONTROL NUMBER
System control number EN-113161
035 ## - SYSTEM CONTROL NUMBER
System control number EN-131202
035 ## - SYSTEM CONTROL NUMBER
System control number EN-128121
037 ## - SOURCE OF ACQUISITION
Source of stock number/acquisition DBAD/PUB
082 ## - DEWEY DECIMAL CLASSIFICATION NUMBER
Classification number 320.50954
100 ## - MAIN ENTRY--PERSONAL NAME
Personal name Gauba, O.P.
245 ## - TITLE STATEMENT
Title Indian Political Thought/
Statement of responsibility, etc O.P. Gauba
250 ## - EDITION STATEMENT
Edition statement 4th
260 ## - PUBLICATION, DISTRIBUTION, ETC. (IMPRINT)
Place of publication, distribution, etc New Delhi
Name of publisher, distributor, etc National Paperbacks
Date of publication, distribution, etc 2019.2024(REP)
270 ## - ADDRESS
Address 4230/1, Ansari Road, Darya Ganj,
City New Delhi
Postal code 110002
Electronic mail address nationalpaperbacks2018@gmail.com
Telephone number 011-41040710
300 ## - PHYSICAL DESCRIPTION
Extent 210p.
Dimensions 24cm(pbk)
942 ## - ADDED ENTRY ELEMENTS (KOHA)
Source of classification or shelving scheme Dewey Decimal Classification
Item type English Books
Classification part 320.50954
Call number suffix GAU
Holdings
Withdrawn status Lost status Not for loan Collection code Home library Current library Date acquired Source of acquisition Cost, normal purchase price Full call number Barcode Copy number Cost, replacement price Koha item type
      Non-fiction Central Library Central Library 22/07/2021 DBAD/PUB 250.00 320.50954 GAU EN-113161 1 250.00 English Books
      Non-fiction Mobile Library Mobile Library 27/01/2026 Delivery of Books Act Division 300.00 320.50954 GAU EN-131202 1 300.00 English Books
      Non-fiction Patel Nagar Patel Nagar 09/04/2025 Delivery of Books Act Division 275.00 320.50954 GAU EN-128121 1 275.00 English Books

© Delhi Public Library
Hit Counter
free hit counter